000 00852nam a2200217 i 4500
001 49705
003 ES-MaACL
005 20230906162040.0
007 t|
008 030722q1944 sp ||||1| spa d
100 1 _aCoulson, Charles Alfred.
_941243
245 1 0 _aOndas
_b: exposición matemática de los tipos más comunes de movimiento ondulatorio /
_cpor Charles Alfred Coulson ; versión castellana de la 4ª edición inglesa al cuidado de Irene Andresco y Antonio Flores de Lemus.
260 _aMadrid :
_bDossat,
_c[1944?] (
_fNuevas Gráficas)
300 _aXI, 174 p. :
_bil. ;
_c22 cm.
490 1 _aUniversity Mathematical texts
700 1 _aAndresco, Irene.
_921625
700 1 _aFlores de Lemus, Antonio.
_951277
830 0 _aUniversity Mathematical texts
_9180736
852 _aES-MaACL
_jD-8078
_bR.27031
999 _c49705
_d49705